[Event "Buryatia-ch"]
[Site "Ulan-Ude"]
[Date "2006.12.06"]
[Round "7"]
[White "Badmatsyrenov, Oleg"]
[Black "Namgilov, Sogto"]
[Result "1/2-1/2"]
[WhiteElo "2220"]
[BlackElo "2434"]
[PlyCount "75"]
[EventDate "2006.12.02"]
[EventType "swiss"]
[EventRounds "9"]
[EventCountry "RUS"]
[SourceTitle "EXT 2008"]
[Source "ChessBase"]
[SourceDate "2007.11.25"]
[SourceVersion "1"]
[SourceVersionDate "2007.11.25"]
[SourceQuality "1"]

1. e4 c5 2. Nf3 Nc6 3. d4 cxd4 4. Nxd4 Qb6 5. Be3 Qxb2 6. Nxc6 bxc6 7. Bd4 Qb4+ 8. c3 Qa5 9. Nd2 d6 10. e5 d5 11. Bd3 Nh6 12. Qf3 e6 13. 0-0 Ba6 14. Nb3 Qa3 15. c4 Be7 16. Be3 Nf5 17. Bxf5 exf5 18. cxd5 cxd5 19. Qxd5 0-0 20. Rfe1 Rfd8 21. Qf3 Bd3 22. Nd4 Be4 23. Qg3 Qa6 24. f3 Bd3 25. Nb3 Rd5 26. Rac1 Qxa2 27. Nd4 Qa4 28. Nc6 Bh4 29. Qh3 Bb5 30. Ra1 Bxe1 31. Rxa4 Rd1 32. Rd4 Rb1 33. Qxf5 Ra1 34. Qc2 Bd2+ 35. Kf2 Be1+ 36. Kg1 Bd2+ 37. Kf2 Be1+ 38. Kg1 1/2-1/2

[Event "Buryatia-ch"]
[Site "Ulan-Ude"]
[Date "2006.12.06"]
[Round "6"]
[White "Namgilov, Sogto"]
[Black "Dashibalov, Erdem"]
[Result "1-0"]
[WhiteElo "2434"]
[BlackElo "2259"]
[PlyCount "85"]
[EventDate "2006.12.02"]
[EventType "swiss"]
[EventRounds "9"]
[EventCountry "RUS"]
[SourceTitle "EXT 2008"]
[Source "ChessBase"]
[SourceDate "2007.11.25"]
[SourceVersion "1"]
[SourceVersionDate "2007.11.25"]
[SourceQuality "1"]

1. Nf3 Nf6 2. c4 g6 3. d4 Bg7 4. g3 0-0 5. Bg2 d6 6. 0-0 Nbd7 7. Qc2 e5 8. Rd1 exd4 9. Nxd4 Re8 10. Nc3 a5 11. Ndb5 Nc5 12. e4 Bd7 13. h3 Qc8 14. Kh2 Be6 15. Re1 Nfd7 16. Be3 b6 17. Rad1 Nf6 18. f3 Qb7 19. Bf2 Rad8 20. Nd4 Bd7 21. b3 Ne6 22. f4 Nxd4 23. Bxd4 Qb8 24. Nd5 Nxd5 25. cxd5 Bxd4 26. Rxd4 Re7 27. Rc4 Bb5 28. Rc3 Ba6 29. Qd2 Rde8 30. Qd4 Bb7 31. h4 Qd8 32. Rec1 Bc8 33. Qf6 Bg4 34. Rc4 h5 35. Qc3 f5 36. Qf6 Kh7 37. e5 dxe5 38. fxe5 f4 39. gxf4 Rf8 40. Qg5 Kh8 41. Rxc7 Qxc7 42. Rxc7 Rxc7 43. d6 1-0

[Event "RUS-chT Clubs"]
[Site "Sochi"]
[Date "2005.04.25"]
[Round "7"]
[White "Rodchenkov, Sergey D"]
[Black "Namgilov, Sogto"]
[Result "1-0"]
[WhiteElo "2359"]
[BlackElo "2462"]
[PlyCount "49"]
[EventDate "2005.04.19"]
[EventType "team"]
[EventRounds "9"]
[EventCountry "RUS"]
[SourceTitle "EXT 2006"]
[Source "ChessBase"]
[SourceDate "2005.11.24"]
[SourceVersion "1"]
[SourceVersionDate "2005.11.24"]
[SourceQuality "1"]

1. e4 c5 2. Nf3 d6 3. d4 cxd4 4. Nxd4 Nf6 5. Nc3 a6 6. Be2 e6 7. 0-0 Be7 8. f4 Qc7 9. Kh1 0-0 10. Be3 Nc6 11. Qe1 Nxd4 12. Bxd4 e5 13. fxe5 dxe5 14. Qg3 Bd6 15. Be3 Kh8 16. Rxf6 gxf6 17. Nd5 Rg8 18. Qh4 Qd8 19. Nxf6 Rg7 20. Rd1 Qf8 21. Bh6 Be7 22. Rd3 Qg8 23. Qf2 Rxg2 24. Nxg8 Rxf2 25. Nxe7 1-0

[Event "RUS-ch"]
[Site "Krasnodar"]
[Date "2002.08.30"]
[Round "4"]
[White "Kosyrev, Vladimir"]
[Black "Namgilov, Sogto"]
[Result "0-1"]
[WhiteElo "2562"]
[BlackElo "2477"]
[PlyCount "132"]
[EventDate "2002.08.27"]
[EventType "swiss"]
[EventRounds "9"]
[EventCountry "RUS"]
[SourceTitle "CBM 091"]
[Source "ChessBase"]
[SourceDate "2002.11.12"]
[SourceVersion "1"]
[SourceVersionDate "2002.11.12"]
[SourceQuality "1"]

1. d4 d5 2. c4 c6 3. Nc3 Nf6 4. e3 e6 5. Nf3 Nbd7 6. Qc2 Bd6 7. b3 0-0 8. Be2 dxc4 9. bxc4 e5 10. 0-0 Qe7 11. Bb2 Re8 12. Rae1 e4 13. Nd2 Nf8 14. c5 Bc7 15. f3 exf3 16. Bxf3 Ng4 17. Bxg4 Bxg4 18. Nf3 Rad8 19. Qf2 Ng6 20. Kh1 Be6 21. Rd1 Bg4 22. e4 Ba5 23. h3 Be6 24. d5 Bxc3 25. dxe6 Rxd1 26. Rxd1 Bxb2 27. exf7+ Qxf7 28. Qxb2 h6 29. e5 Nf4 30. Kh2 Ne6 31. Qb4 Qe7 32. Rd6 Ng5 33. Qb3+ Kh8 34. Nxg5 Qxg5 35. Re6 Qf4+ 36. Kh1 Rf8 37. Qc3 Qe4 38. Kh2 Rf1 39. Qd2 Kh7 40. Re7 Qb1 41. Rd7 Rh1+ 42. Kg3 Qg6+ 43. Kf2 Qf5+ 44. Kg3 Qg6+ 45. Kf2 Qf5+ 46. Kg3 Qxe5+ 47. Qf4 Qc3+ 48. Qf3 Rc1 49. Qxc3 Rxc3+ 50. Kf4 b5 51. cxb6 axb6 52. Rd2 b5 53. Kf5 b4 54. h4 h5 55. Rd6 Rc4 56. g3 Rc3 57. Kf4 c5 58. Rd2 c4 59. Rb2 b3 60. axb3 cxb3 61. Rb1 Rc4+ 62. Kf5 Rb4 63. Rb2 Kh6 64. Ke6 Kg6 65. Ke5 Kf7 66. Kd5 Kf6 0-1

[Event "RUS-ch"]
[Site "Krasnodar"]
[Date "2002.08.28"]
[Round "2"]
[White "Alikhanov, Felix"]
[Black "Namgilov, Sogto"]
[Result "0-1"]
[WhiteElo "2364"]
[BlackElo "2477"]
[PlyCount "82"]
[EventDate "2002.08.27"]
[EventType "swiss"]
[EventRounds "9"]
[EventCountry "RUS"]
[SourceTitle "CBM 091"]
[Source "ChessBase"]
[SourceDate "2002.11.12"]
[SourceVersion "1"]
[SourceVersionDate "2002.11.12"]
[SourceQuality "1"]

1. e4 c5 2. c3 Nf6 3. e5 Nd5 4. Nf3 e6 5. Bc4 d6 6. d4 cxd4 7. cxd4 Nc6 8. 0-0 Be7 9. Qe2 0-0 10. Re1 dxe5 11. dxe5 b6 12. Qe4 Bb7 13. Qg4 Re8 14. Nc3 Nxc3 15. bxc3 Qc7 16. Bh6 Bf8 17. Bd3 Ne7 18. Bd2 Bxf3 19. Qxf3 Ng6 20. Qh5 Bc5 21. Be3 Rad8 22. Bb5 Rf8 23. Rad1 Rxd1 24. Qxd1 Qxe5 25. Bxc5 Qxc5 26. c4 Qc7 27. Qf3 Rd8 28. g3 Ne7 29. h4 Nf5 30. Rd1 Rxd1+ 31. Qxd1 g6 32. h5 Qd6 33. Qf3 Kg7 34. g4 Nd4 35. h6+ Kxh6 36. Qxf7 Ne2+ 37. Kf1 Nf4 38. Ke1 Kg5 39. f3 Kh4 40. Qxh7+ Kg3 41. Qh1 Qd4 0-1

[Event "RUS-Cup03 Geller Memorial"]
[Site "Moscow"]
[Date "1999.02.11"]
[Round "2"]
[White "Fokin, Sergey"]
[Black "Namgilov, Sogto"]
[Result "1-0"]
[WhiteElo "2390"]
[BlackElo "2472"]
[PlyCount "72"]
[EventDate "1999.02.10"]
[EventType "swiss"]
[EventRounds "9"]
[EventCountry "RUS"]
[SourceTitle "CBM 070"]
[Source "ChessBase"]
[SourceDate "1999.06.08"]
[SourceVersion "1"]
[SourceVersionDate "1999.06.08"]
[SourceQuality "1"]

1. Nf3 d6 2. d4 Bg4 3. c4 Nd7 4. e4 g6 5. Be2 e5 6. Ng1 Bxe2 7. Nxe2 Bg7 8. Nbc3 Ne7 9. d5 f5 10. f3 0-0 11. Be3 Nf6 12. h3 fxe4 13. fxe4 Kh8 14. 0-0 Neg8 15. Qd2 Qd7 16. Rf3 a6 17. a4 Rf7 18. Raf1 Raf8 19. g4 h6 20. Kg2 c5 21. Ng3 Nh7 22. Rxf7 Rxf7 23. Rxf7 Qxf7 24. Nd1 Qd7 25. b3 Bf8 26. Nf2 Kg7 27. h4 Nhf6 28. Qe2 Kh8 29. h5 gxh5 30. gxh5 Ne7 31. Qf3 Neg8 32. Bd2 Qg7 33. Kf1 Qd7 34. Kg2 Qg7 35. Kf1 Qd7 36. Ne2 b6 1-0

[Event "Decin op-A"]
[Site "Decin"]
[Date "1998.??.??"]
[Round "2"]
[White "Kamenets, Anatolij"]
[Black "Namgilov, Sogto"]
[Result "0-1"]
[WhiteElo "2305"]
[BlackElo "2430"]
[PlyCount "75"]
[EventDate "1998.08.??"]
[EventType "swiss"]
[EventRounds "10"]
[EventCountry "CZE"]
[SourceTitle "EXT 2000"]
[Source "ChessBase"]
[SourceDate "1999.11.16"]
[SourceVersion "1"]
[SourceVersionDate "1999.11.16"]
[SourceQuality "1"]

1. d4 d5 2. c4 e6 3. Nc3 Nf6 4. Bg5 Be7 5. cxd5 exd5 6. e3 Nbd7 7. Bd3 0-0 8. Nf3 Re8 9. Qc2 c6 10. 0-0 Nf8 11. Bxf6 Bxf6 12. b4 Bg4 13. Nd2 Rc8 14. Rfc1 h5 15. Na4 b6 16. Rab1 g6 17. Rb3 Qd6 18. a3 Bd7 19. Rc3 Ne6 20. Qb3 Kg7 21. Nf3 g5 22. Nd2 g4 23. Qd1 Ng5 24. Qc2 Qe6 25. Nb2 h4 26. Ba6 Rb8 27. Nd3 Qd6 28. Qb3 g3 29. f4 Rxe3 30. Ne5 gxh2+ 31. Kxh2 Rxc3 32. Rxc3 Ne6 33. Ndf3 Nxf4 34. Qc2 Ne6 35. Qd2 c5 36. Kh1 cxd4 37. Nxf7 dxc3 38. Qh6+ 0-1

[Event "Ceske Budejovice op"]
[Site "Ceske Budejovice"]
[Date "1998.??.??"]
[Round "?"]
[White "Meszaros, Ludek"]
[Black "Namgilov, Sogto"]
[Result "0-1"]
[WhiteElo "2430"]
[BlackElo "2255"]
[PlyCount "106"]
[EventDate "1998.08.??"]
[EventType "swiss"]
[EventRounds "9"]
[EventCountry "CZE"]
[SourceTitle "EXT 2000"]
[Source "ChessBase"]
[SourceDate "1999.11.16"]
[SourceVersion "1"]
[SourceVersionDate "1999.11.16"]
[SourceQuality "1"]

1. e4 c5 2. Nf3 d6 3. d4 cxd4 4. Nxd4 Nf6 5. Nc3 a6 6. f4 e6 7. Bd3 b5 8. a3 Bb7 9. 0-0 Nbd7 10. Kh1 Be7 11. Qe2 Qc7 12. Bd2 0-0 13. Rae1 Nc5 14. b4 Nxd3 15. cxd3 Rfe8 16. Rc1 Qd7 17. Nf3 Rac8 18. e5 dxe5 19. fxe5 Nd5 20. Ne4 Rxc1 21. Bxc1 Rc8 22. Nfg5 Bxg5 23. Nxg5 h6 24. Ne4 Ne7 25. Nd6 Rf8 26. Be3 Nf5 27. Nxb7 Qxb7 28. Bc5 Rd8 29. Qe4 Qd7 30. d4 h5 31. Rd1 Qd5 32. Qxd5 Rxd5 33. Rd3 f6 34. exf6 gxf6 35. Rf3 Kf7 36. Rf4 Ne3 37. Kg1 Nc2 38. Kf1 Nxa3 39. Rf2 Rf5 40. Rxf5 exf5 41. Kf2 Ke6 42. Kg3 Nc2 43. Kh4 Ne1 44. Kg3 Nd3 45. Bf8 Kd5 46. Kh4 Nf4 47. Bh6 Nxg2+ 48. Kxh5 Kxd4 49. Bg7 Kc4 50. Bf8 Nf4+ 51. Kh6 Nd3 52. h4 f4 53. Bd6 f3 0-1

[Event "Pardubice Czech op"]
[Site "Pardubice"]
[Date "1998.??.??"]
[Round "6"]
[White "Mirumian, Vigen"]
[Black "Namgilov, Sogto"]
[Result "1/2-1/2"]
[WhiteElo "2505"]
[BlackElo "2440"]
[PlyCount "31"]
[EventDate "1998.07.??"]
[EventType "swiss"]
[EventRounds "9"]
[EventCountry "CZE"]
[SourceTitle "EXT 1999"]
[Source "ChessBase"]
[SourceDate "1998.11.16"]
[SourceVersion "1"]
[SourceVersionDate "1998.11.16"]
[SourceQuality "1"]

1. Nf3 Nf6 2. g3 b6 3. Bg2 Bb7 4. 0-0 g6 5. c4 c5 6. Nc3 Bg7 7. d4 cxd4 8. Qxd4 d6 9. Qd3 Nbd7 10. b3 0-0 11. Bb2 Ne4 12. Qc2 Nxc3 13. Bxc3 Bxc3 14. Qxc3 Rc8 15. Qd4 Rc5 16. Rfd1 1/2-1/2

[Event "Decin op-A"]
[Site "Decin"]
[Date "1998.??.??"]
[Round "9"]
[White "Moroz, Alexander"]
[Black "Namgilov, Sogto"]
[Result "1/2-1/2"]
[WhiteElo "2490"]
[BlackElo "2430"]
[PlyCount "72"]
[EventDate "1998.08.??"]
[EventType "swiss"]
[EventRounds "10"]
[EventCountry "CZE"]
[SourceTitle "EXT 2000"]
[Source "ChessBase"]
[SourceDate "1999.11.16"]
[SourceVersion "1"]
[SourceVersionDate "1999.11.16"]
[SourceQuality "1"]

1. e4 c5 2. Nf3 d6 3. d4 cxd4 4. Nxd4 Nf6 5. Nc3 Nc6 6. Be2 e6 7. 0-0 Be7 8. Be3 0-0 9. f4 a6 10. a4 Qc7 11. Kh1 Re8 12. Bg1 Bd7 13. Qd3 Nxd4 14. Bxd4 e5 15. Be3 Rac8 16. a5 Be6 17. Ra4 exf4 18. Bxf4 Nd7 19. Qg3 Ne5 20. Bd3 Nxd3 21. cxd3 b5 22. Rd4 Qxa5 23. Nd5 Bxd5 24. Rxd5 Qb4 25. Bxd6 Bxd6 26. Rxd6 Qxb2 27. Qf4 Qa2 28. e5 Rc7 29. d4 h6 30. h3 a5 31. Rf3 b4 32. Rg3 Qb1+ 33. Kh2 Re6 34. Rxe6 fxe6 35. Qf6 Kh7 36. Qxe6 Rc1 1/2-1/2

[Event "Polanica Zdroj op"]
[Site "Polanica Zdroj"]
[Date "1998.??.??"]
[Round "?"]
[White "Namgilov, Sogto"]
[Black "Dziuba, Marcin"]
[Result "1-0"]
[WhiteElo "2430"]
[BlackElo "2280"]
[PlyCount "75"]
[EventDate "1998.??.??"]
[EventType "swiss"]
[EventRounds "10"]
[EventCountry "POL"]
[SourceTitle "EXT 2003"]
[Source "ChessBase"]
[SourceDate "2002.11.25"]
[SourceVersion "1"]
[SourceVersionDate "2002.11.25"]
[SourceQuality "1"]

1. d4 d5 2. c4 c6 3. Nf3 Nf6 4. Nc3 dxc4 5. a4 Bf5 6. e3 e6 7. Bxc4 Bb4 8. 0-0 Nbd7 9. Qe2 Bg6 10. e4 Bxc3 11. bxc3 Nxe4 12. Ba3 Qc7 13. Rfc1 0-0-0 14. a5 Nd6 15. a6 b6 16. Bb3 Nf5 17. h3 h5 18. c4 h4 19. d5 exd5 20. cxd5 c5 21. Bb2 Bh5 22. Qd3 Bg6 23. Qd2 Rhe8 24. Bc2 Qd6 25. Bxf5 Bxf5 26. Nd4 Qxd5 27. Qg5 Be4 28. Qxh4 Ne5 29. Nb5 Bxg2 30. Bxe5 Rxe5 31. Rd1 Qxd1+ 32. Rxd1 Rxd1+ 33. Kxg2 Rd7 34. Qh8+ Rd8 35. Nxa7+ Kd7 36. Qxg7 Re7 37. Qg4+ Re6 38. Qa4+ 1-0

[Event "RUS-Cup"]
[Site "Krasnoyarsk"]
[Date "1998.??.??"]
[Round "6"]
[White "Namgilov, Sogto"]
[Black "Galkin, Alexander"]
[Result "0-1"]
[WhiteElo "2440"]
[BlackElo "2565"]
[PlyCount "76"]
[EventDate "1998.??.??"]
[EventType "swiss"]
[EventRounds "9"]
[EventCountry "RUS"]
[SourceTitle "EXT 2000"]
[Source "ChessBase"]
[SourceDate "1999.11.16"]
[SourceVersion "1"]
[SourceVersionDate "1999.11.16"]
[SourceQuality "1"]

1. d4 d5 2. c4 c6 3. Nf3 Nf6 4. Nc3 e6 5. e3 Nbd7 6. Qc2 Bd6 7. Bd3 0-0 8. 0-0 dxc4 9. Bxc4 b5 10. Be2 Bb7 11. a3 a6 12. b4 e5 13. Rd1 Qb8 14. h3 h6 15. dxe5 Nxe5 16. Nd4 Rc8 17. f4 Ng6 18. Nb3 c5 19. Nxc5 Bxc5 20. bxc5 Rxc5 21. Qd3 Qe8 22. Bb2 Rc7 23. Qd4 Re7 24. Rd3 Nh4 25. Bf1 Rd7 26. Qb6 Bxg2 27. Rad1 Bf3 28. R1d2 Bh5 29. Bg2 Rxd3 30. Rxd3 Nxg2 31. Kxg2 Bg6 32. Rd6 Qe7 33. Qd4 Rc8 34. Kh2 Kh7 35. Ba1 a5 36. e4 Rc4 37. Qe3 Qxd6 38. e5 Qe6 0-1

[Event "Ceske Budejovice op"]
[Site "Ceske Budejovice"]
[Date "1998.??.??"]
[Round "?"]
[White "Namgilov, Sogto"]
[Black "Hermansson, Emil"]
[Result "1/2-1/2"]
[WhiteElo "2430"]
[BlackElo "2340"]
[PlyCount "83"]
[EventDate "1998.08.??"]
[EventType "swiss"]
[EventRounds "9"]
[EventCountry "CZE"]
[SourceTitle "EXT 2000"]
[Source "ChessBase"]
[SourceDate "1999.11.16"]
[SourceVersion "1"]
[SourceVersionDate "1999.11.16"]
[SourceQuality "1"]

1. d4 Nf6 2. c4 g6 3. Nc3 Bg7 4. e4 d6 5. Nf3 0-0 6. Be2 e5 7. 0-0 Nc6 8. d5 Ne7 9. b4 a5 10. Ba3 Nd7 11. bxa5 Rxa5 12. Bb4 Ra8 13. a4 b6 14. Nd2 Nc5 15. a5 Bh6 16. Ra3 Bd7 17. Qc2 Na6 18. Rb1 c5 19. dxc6 Nxb4 20. Rxb4 bxa5 21. Rb1 Nxc6 22. Nb5 Qb6 23. Qd1 Bxd2 24. Qxd2 Nd4 25. Bf1 Bxb5 26. cxb5 Rfc8 27. Rb2 Rc5 28. Qh6 Ra7 29. Rh3 f6 30. Ra3 Rac7 31. Ra1 f5 32. exf5 Nxf5 33. Qd2 Rc3 34. Rba2 Nd4 35. Rxa5 Nb3 36. Qd5+ Kg7 37. Ra6 Qb7 38. Rd1 Qxd5 39. Rxd5 Nd4 40. Raxd6 Rc1 41. Rxe5 Rd1 42. Rxd4 1/2-1/2

[Event "Budapest Nyar op"]
[Site "Budapest"]
[Date "1998.??.??"]
[Round "6"]
[White "Namgilov, Sogto"]
[Black "Hoang, Thanh Trang"]
[Result "0-1"]
[WhiteElo "2430"]
[BlackElo "2350"]
[PlyCount "92"]
[EventDate "1998.??.??"]
[EventType "swiss"]
[EventRounds "9"]
[EventCountry "HUN"]
[SourceTitle "EXT 2000"]
[Source "ChessBase"]
[SourceDate "1999.11.16"]
[SourceVersion "1"]
[SourceVersionDate "1999.11.16"]
[SourceQuality "1"]

1. Nf3 f5 2. g3 Nf6 3. Bg2 g6 4. 0-0 Bg7 5. d4 0-0 6. c3 e6 7. Bg5 h6 8. Bxf6 Qxf6 9. Nbd2 d6 10. Ne1 Nc6 11. d5 exd5 12. Bxd5+ Be6 13. Bxe6+ Qxe6 14. Nd3 Rae8 15. e3 Kh7 16. Qb3 Qxb3 17. axb3 a6 18. h4 Be5 19. Kg2 g5 20. hxg5 hxg5 21. Nc4 Bf6 22. Nd2 Kg6 23. Ra4 Rh8 24. g4 Ne7 25. Nf3 Nd5 26. Rg1 Re4 27. gxf5+ Kxf5 28. Ra5 Rg4+ 29. Kf1 Rxg1+ 30. Kxg1 c6 31. c4 Bd8 32. Ra4 Nb6 33. Ra1 Bf6 34. Kg2 Nd7 35. b4 g4 36. Ra5+ Ke4 37. Nfe1 Ne5 38. Nxe5 Bxe5 39. b5 Bxb2 40. Ra4 Bc3 41. Nc2 Kd3 42. Na3 a5 43. c5 d5 44. bxc6 bxc6 45. e4 d4 46. e5 Bb4 0-1

[Event "Polanica Zdroj op"]
[Site "Polanica Zdroj"]
[Date "1998.??.??"]
[Round "?"]
[White "Namgilov, Sogto"]
[Black "Malaniuk, Vladimir P"]
[Result "0-1"]
[WhiteElo "2430"]
[BlackElo "2590"]
[PlyCount "106"]
[EventDate "1998.??.??"]
[EventType "swiss"]
[EventRounds "10"]
[EventCountry "POL"]
[SourceTitle "EXT 2003"]
[Source "ChessBase"]
[SourceDate "2002.11.25"]
[SourceVersion "1"]
[SourceVersionDate "2002.11.25"]
[SourceQuality "1"]

1. d4 f5 2. g3 Nf6 3. Bg2 g6 4. c3 Bg7 5. Nd2 Nc6 6. b4 a6 7. Qb3 d6 8. d5 Ne5 9. Ngf3 Nxf3+ 10. Nxf3 Nxd5 11. 0-0 e6 12. Bb2 0-0 13. Nd4 c6 14. a4 Bd7 15. Rad1 Nc7 16. c4 e5 17. Nf3 Qe7 18. e4 Be6 19. exf5 gxf5 20. Qc2 Rad8 21. Rfe1 e4 22. Nd4 d5 23. c5 Bd7 24. f4 a5 25. bxa5 Ne6 26. Nb3 Bc8 27. Bf1 d4 28. Bc4 d3 29. Qf2 Bxb2 30. Qxb2 Qg7 31. Rb1 Qxb2 32. Rxb2 Kh8 33. Bxe6 Bxe6 34. Kf2 Rd7 35. Nd2 Ra8 36. Reb1 Rxa5 37. Rxb7 Rxb7 38. Rxb7 Rxc5 39. Re7 Bd5 40. g4 Rc2 41. Ke3 Rc1 42. gxf5 Re1+ 43. Kd4 Re2 44. f6 Kg8 45. Kc3 e3 46. Kxd3 Rxd2+ 47. Kxe3 Rxh2 48. Kd4 h5 49. Ke5 h4 50. Re8+ Kf7 51. Re7+ Kf8 52. Rh7 Re2+ 53. Kd6 Ra2 0-1

[Event "Decin op-A"]
[Site "Decin"]
[Date "1998.??.??"]
[Round "1"]
[White "Namgilov, Sogto"]
[Black "Pavlovskaya, Evgenija"]
[Result "1-0"]
[WhiteElo "2430"]
[BlackElo "2205"]
[PlyCount "111"]
[EventDate "1998.08.??"]
[EventType "swiss"]
[EventRounds "10"]
[EventCountry "CZE"]
[SourceTitle "EXT 2000"]
[Source "ChessBase"]
[SourceDate "1999.11.16"]
[SourceVersion "1"]
[SourceVersionDate "1999.11.16"]
[SourceQuality "1"]

1. d4 d5 2. c4 e6 3. Nf3 Nf6 4. Nc3 c6 5. Qb3 Be7 6. Bg5 0-0 7. e3 h6 8. Bh4 Ne4 9. Bxe7 Qxe7 10. Bd3 Nxc3 11. Qxc3 dxc4 12. Bxc4 Nd7 13. 0-0 b6 14. b4 Bb7 15. Be2 Nf6 16. Rab1 Rac8 17. Rfc1 Rfd8 18. h3 Ne4 19. Qb2 Rc7 20. Rc2 Rdc8 21. Qa3 Ba8 22. Ba6 Rb8 23. Bd3 Nf6 24. Rb3 Rbc8 25. Ne5 Nd5 26. Ba6 Rd8 27. Bf1 Rdc8 28. Nd3 Qg5 29. Qc1 Qd8 30. Ne5 Bb7 31. Qd2 Nf6 32. Ra3 Ba8 33. Ba6 Rb8 34. Bf1 Rbc8 35. Rac3 Ne4 36. Qc1 Nxc3 37. Rxc3 Qd6 38. Nd3 Qd5 39. Ra3 e5 40. Nxe5 c5 41. Rc3 Qd6 42. Nc4 Qe7 43. dxc5 bxc5 44. b5 Rd8 45. Nb2 Rd5 46. Nd3 Rcd7 47. e4 Rd4 48. f3 c4 49. Rxc4 Rxd3 50. Rc8+ Kh7 51. Bxd3 Rxd3 52. Qf4 Rd1+ 53. Kh2 Rd8 54. Rc7 Qd6 55. Qxd6 Rxd6 56. Rxa7 1-0

[Event "Decin op-A"]
[Site "Decin"]
[Date "1998.??.??"]
[Round "8"]
[White "Namgilov, Sogto"]
[Black "Pribyl, Josef"]
[Result "1-0"]
[WhiteElo "2430"]
[BlackElo "2430"]
[PlyCount "55"]
[EventDate "1998.08.??"]
[EventType "swiss"]
[EventRounds "10"]
[EventCountry "CZE"]
[SourceTitle "EXT 2000"]
[Source "ChessBase"]
[SourceDate "1999.11.16"]
[SourceVersion "1"]
[SourceVersionDate "1999.11.16"]
[SourceQuality "1"]

1. d4 Nf6 2. c4 g6 3. Nc3 d5 4. cxd5 Nxd5 5. Na4 Bg7 6. e4 Nb6 7. Be3 Nxa4 8. Qxa4+ Qd7 9. Bb5 c6 10. Be2 0-0 11. 0-0-0 c5 12. Qxd7 Bxd7 13. dxc5 Be6 14. Kb1 Nd7 15. Nf3 Rfc8 16. Rc1 Nf6 17. Nd4 Bd7 18. f3 e5 19. Nb5 Ne8 20. Nxa7 Rd8 21. c6 bxc6 22. Nxc6 Bxc6 23. Rxc6 Bf8 24. Rd1 Rdb8 25. Rd7 Ba3 26. Bc1 Ra4 27. Bc4 Nd6 28. Bb3 1-0

[Event "Decin op-A"]
[Site "Decin"]
[Date "1998.??.??"]
[Round "6"]
[White "Namgilov, Sogto"]
[Black "Solodovnichenko, Yuri"]
[Result "1/2-1/2"]
[WhiteElo "2430"]
[BlackElo "2415"]
[PlyCount "36"]
[EventDate "1998.08.??"]
[EventType "swiss"]
[EventRounds "10"]
[EventCountry "CZE"]
[SourceTitle "EXT 2000"]
[Source "ChessBase"]
[SourceDate "1999.11.16"]
[SourceVersion "1"]
[SourceVersionDate "1999.11.16"]
[SourceQuality "1"]

1. e4 c5 2. Nf3 d6 3. d4 cxd4 4. Nxd4 Nf6 5. Nc3 a6 6. Be2 e5 7. Nb3 Be7 8. 0-0 0-0 9. Be3 Be6 10. a4 Nbd7 11. Kh1 Rc8 12. Qd2 Rc6 13. Rfc1 Nc5 14. Nxc5 dxc5 15. Rd1 Rd6 16. Qe1 Qa5 17. Rxd6 Bxd6 18. Qd2 Rd8 1/2-1/2

[Event "Pardubice Czech op"]
[Site "Pardubice"]
[Date "1998.??.??"]
[Round "7"]
[White "Namgilov, Sogto"]
[Black "Timoscenko, Gennadij A"]
[Result "1/2-1/2"]
[WhiteElo "2440"]
[BlackElo "2520"]
[PlyCount "58"]
[EventDate "1998.07.??"]
[EventType "swiss"]
[EventRounds "9"]
[EventCountry "CZE"]
[SourceTitle "EXT 1999"]
[Source "ChessBase"]
[SourceDate "1998.11.16"]
[SourceVersion "1"]
[SourceVersionDate "1998.11.16"]
[SourceQuality "1"]

1. e4 c5 2. Nf3 e6 3. c4 Nc6 4. Nc3 e5 5. Be2 d6 6. a3 g6 7. d3 Bg7 8. Nd5 Nge7 9. b4 0-0 10. Bd2 f5 11. Rb1 h6 12. Bc3 Nd4 13. bxc5 dxc5 14. Nd2 Nec6 15. Nb3 fxe4 16. dxe4 Qg5 17. g3 Nxe2 18. Qxe2 Bg4 19. Qc2 Bf3 20. 0-0 Qh5 21. Nd2 Be2 22. Rxb7 Bxf1 23. Nxf1 Rf3 24. Qa4 Raf8 25. Qxc6 Rxf2 26. Rxg7+ Kh8 27. Nde3 Rxf1+ 28. Nxf1 Rxf1+ 29. Kxf1 Qf3+ 1/2-1/2

[Event "Ceske Budejovice op"]
[Site "Ceske Budejovice"]
[Date "1998.??.??"]
[Round "?"]
[White "Namgilov, Sogto"]
[Black "Virovlansky, Semen"]
[Result "0-1"]
[WhiteElo "2430"]
[BlackElo "2380"]
[PlyCount "124"]
[EventDate "1998.08.??"]
[EventType "swiss"]
[EventRounds "9"]
[EventCountry "CZE"]
[SourceTitle "EXT 2000"]
[Source "ChessBase"]
[SourceDate "1999.11.16"]
[SourceVersion "1"]
[SourceVersionDate "1999.11.16"]
[SourceQuality "1"]

1. d4 Nf6 2. Nf3 e6 3. c4 b6 4. g3 c6 5. Bg2 d5 6. Nc3 Be7 7. Ne5 0-0 8. 0-0 Bb7 9. e4 dxc4 10. a4 Ba6 11. d5 Qc7 12. Nxf7 Rxf7 13. dxe6 Rf8 14. Bf4 Qd8 15. e5 Qxd1 16. Rfxd1 Nh5 17. Be3 g6 18. Nb5 Rc8 19. a5 bxa5 20. Nd6 Rd8 21. Bc5 c3 22. bxc3 Be2 23. Rdb1 Ng7 24. Ne4 Bxc5 25. Nxc5 Re8 26. Rxa5 Nxe6 27. Ne4 Re7 28. Rb2 Bd3 29. Nf6+ Kg7 30. h4 h5 31. f4 Kf7 32. Rd2 Bf5 33. Ne4 Kg7 34. Nd6 Bg4 35. Rb2 Nc7 36. Rb7 Nd5 37. Rb3 Ne3 38. Be4 Be6 39. Rb4 Nf5 40. Nxf5+ Bxf5 41. Bf3 Kf7 42. Rd4 Rd7 43. Kf2 Ke7 44. Ke3 a6 45. Be2 Raa7 46. Ra3 Rxd4 47. Kxd4 Kd7 48. Bc4 a5 49. Kc5 Ra8 50. Kb6 Be4 51. Ra4 Ke7 52. e6 c5 53. Be2 Bc6 54. Ra3 Kxe6 55. Kxc5 Be8 56. Kb6 a4 57. Kb7 Bc6+ 58. Kc7 Kd5 59. g4 hxg4 60. Bxg4 Kc5 61. Kd8 Kd6 62. Bc8 Bd7 0-1

[Event "Pardubice Czech op"]
[Site "Pardubice"]
[Date "1998.??.??"]
[Round "3"]
[White "Namgilov, Sogto"]
[Black "Volokitin, Andrei"]
[Result "1-0"]
[WhiteElo "2440"]
[BlackElo "2295"]
[PlyCount "79"]
[EventDate "1998.07.??"]
[EventType "swiss"]
[EventRounds "9"]
[EventCountry "CZE"]
[SourceTitle "EXT 1999"]
[Source "ChessBase"]
[SourceDate "1998.11.16"]
[SourceVersion "1"]
[SourceVersionDate "1998.11.16"]
[SourceQuality "1"]

1. d4 Nf6 2. c4 e6 3. Nf3 d5 4. Nc3 Be7 5. Bg5 0-0 6. e3 h6 7. Bh4 b6 8. Rc1 Bb7 9. Bxf6 Bxf6 10. cxd5 exd5 11. Qb3 c5 12. Be2 cxd4 13. Nxd4 Bxd4 14. exd4 Nc6 15. Rd1 Qh4 16. Qa4 a6 17. Rd2 Qg5 18. g3 Ne7 19. Qd1 Nf5 20. 0-0 Rfe8 21. Bf3 Nd6 22. Re1 Nc4 23. Rde2 Rxe2 24. Qxe2 Bc6 25. h4 Qf5 26. b3 Re8 27. Be4 dxe4 28. bxc4 Qh3 29. Qe3 Bd7 30. Nd5 b5 31. c5 f5 32. Nf4 Qg4 33. h5 Rd8 34. d5 Be8 35. c6 Bxh5 36. c7 Rc8 37. d6 Be8 38. Qb3+ Kh7 39. Qe6 e3 40. Qxc8 1-0